[Event "Ruzomberok Montana op"]
[Site "Ruzomberok"]
[Date "2017.06.01"]
[Round "5"]
[White "Polko, Pavol"]
[Black "Ambrozi, Peter"]
[Result "0-1"]
[WhiteElo "1656"]
[BlackElo "1988"]
[PlyCount "110"]
[EventDate "2017.05.28"]
[EventType "swiss"]
[EventRounds "9"]
[EventCountry "SVK"]
[SourceTitle "EXT 2018"]
[Source "ChessBase"]
[SourceDate "2017.10.13"]
[SourceVersion "1"]
[SourceVersionDate "2017.10.13"]
[SourceQuality "1"]

1. d4 d5 2. Nf3 Nf6 3. Bf4 Bf5 4. e3 e6 5. c3 c6 6. Bd3 Bxd3 7. Qxd3 Qb6 8. Qc2 Nbd7 9. Nbd2 Be7 10. a4 0-0 11. 0-0 c5 12. Rfe1 Rac8 13. Be5 Nxe5 14. Nxe5 cxd4 15. exd4 Qxd4 16. Ndf3 Qf4 17. g3 Qh6 18. h4 Ne4 19. Rxe4 dxe4 20. Qxe4 Bf6 21. Ng4 Qg6 22. Nxf6+ Qxf6 23. Ng5 Qf5 24. Qb4 h6 25. g4 Qc5 26. Qxc5 Rxc5 27. Ne4 Rc4 28. f3 Rd8 29. b3 Rc6 30. b4 f5 31. gxf5 exf5 32. Ng3 Rxc3 33. h5 Rxf3 34. Kg2 Rf4 35. b5 Rd2+ 36. Kh3 Rf3 37. Rc1 f4 38. Kg4 Rxg3+ 39. Kf5 Rg5+ 40. Ke4 f3 41. Rc8+ Kh7 42. Kxf3 Rd4 43. Rc7 Rxa4 44. Rxb7 Rxh5 45. b6 axb6 46. Rxb6 Rh3+ 47. Kg2 Rc3 48. Rb2 g5 49. Kh2 Kg6 50. Rb6+ Kf5 51. Rb5+ Kg4 52. Rb2 Rac4 53. Rg2+ Kh4 54. Kh1 Rh3+ 55. Kg1 Rc1+ 0-1

[Event "Ruzomberok Montana op"]
[Site "Ruzomberok"]
[Date "2017.05.31"]
[Round "4"]
[White "Konkol, Emil"]
[Black "Polko, Pavol"]
[Result "0-1"]
[WhiteElo "1794"]
[BlackElo "1656"]
[PlyCount "60"]
[EventDate "2017.05.28"]
[EventType "swiss"]
[EventRounds "9"]
[EventCountry "SVK"]
[SourceTitle "EXT 2018"]
[Source "ChessBase"]
[SourceDate "2017.10.13"]
[SourceVersion "1"]
[SourceVersionDate "2017.10.13"]
[SourceQuality "1"]

1. e4 c5 2. Nf3 a6 3. d4 cxd4 4. Nxd4 e5 5. Nf3 Qc7 6. Nc3 Bb4 7. Bd2 Nf6 8. Bd3 d6 9. 0-0 Bg4 10. a3 Bc5 11. Be3 Bxe3 12. fxe3 Qb6 13. Nd5 Nxd5 14. exd5 Qxe3+ 15. Kh1 Nd7 16. Qd2 Qxd2 17. Nxd2 Nf6 18. c4 0-0 19. h3 Bd7 20. Rac1 Rac8 21. Rc3 Nh5 22. Kh2 Nf4 23. b3 b5 24. Ne4 Nxd5 25. Rcc1 bxc4 26. Bxc4 Ne3 27. Rxf7 Nxc4 28. bxc4 Rxf7 29. Nxd6 Rcf8 30. Nxf7 Rxf7 0-1